Normal view
MARC view
Entry Geographic Name
001 - CONTROL NUMBER
- control field: 685
003 - CONTROL NUMBER IDENTIFIER
- control field: ARRUPE
005 - DATE AND TIME OF LATEST TRANSACTION
- control field: 20130918172132.0
008 - FIXED-LENGTH DATA ELEMENTS
- fixed length control field: 130918|| aca||aabn | a|a d
040 ## - CATALOGING SOURCE
- Original cataloging agency: ARRUPE
- Transcribing agency: ARRUPE
151 ## - HEADING--GEOGRAPHIC NAME
- Geographic name: Middle East
- General subdivision: Civilization
- Chronological subdivision: to 622.
670 ## - SOURCE DATA FOUND
- Source citation: Work cat.: (ARRUPE)0: Atwell, James E. 680, The sources of the Old Testament :, c2004.